Представление документа в формате MARC21

Поле Инд. ПП Название Значение
Тип записи a
Библиографический уровень m
001 Контрольный номер 847be137e7a247afa927a391d64ab748
005 Дата корректировки 20260605103022.3
040 a Служба первич. каталог. 10013504
b Код языка каталог. rus
e Правила каталог. PSBO
041 0_ a Код языка текста rus
084 a Индекс другой классификации/Индекс ББК доп.
090 a Полочн. индекс А181
x Авторский знак С 217
r Идентификатор организации 10013504
100 1_ a Автор Сафонов А.С.
245 10 a Заглавие Расчет тонкостенных каркасных оболочек при нелинейной зависимости между напряжениями и деформациями
b Продолж. заглавия автореферат диссертации ... кандидата технических наук : специальность 05.07.03 - Строительная механика и прочность летательных аппаратов
c Ответственность науч. рук. М.Б. Вахитов; Казанский авиационный институт
260 a Место издания Казань
c Дата издания 1972
300 a Объем 23 с.
b Иллюстрации/ тип воспроизводства ил., табл.
653 0_ a Ключевые слова АВТОРЕФЕРАТЫ
700 12 a Другие авторы Вахитов М.Б.
e Роль лиц Научный руководитель
901 t Тип документа r
952 d Специальность 05.07.03 Строительная механика и прочность летательных аппаратов
a Тип литературы для КСУ ВШ БАНР
c Вид литературы автореферат